Quizzes
Events
Quiz Creation
Community
Videos
Private Events
Remove Ads
Sign In
Join for FREE
Feedback
Dark Mode
Quiz Categories
Sports
Geography
Music
Movies
Television
Just For Fun
Miscellaneous
History
Literature
Language
Science
Gaming
Entertainment
Religion
Holiday
For Kids
Quiz Lab
Recent
Popular Today
Quiz Kudos Today
Editor Picks
Curator Picks
Quizzes by...
Day
Popularity
Type
Ratings
Length
Year
Community
Subscriptions
Recent Discussions
Orange Saloon
Badges
Playlists
Quests
Create
Leaderboards
Showdown
Live 5
Trivia Bingo
Activity
Puzzle Library
Sporcle Events
Private Events
Virtual Trivia
Globe League
Become a Host
Pub Owners
SporcleCon
Opinionation
Our Games
Videos
Blog
Mobile Apps
Partnerships
Remove Ads and Go Orange
Feedback
Sports
Athletes
MLB
NBA
NHL
NFL
Soccer
Sports Teams
WWE
NCAA
Football
Premier League
Basketball
Baseball
Hockey
Golf
Tennis
Cricket
Rugby
Auto Racing
Olympics
World Cup
Sports
Athletes
MLB
NBA
NHL
NFL
Soccer
Sports Teams
WWE
NCAA
Football
Premier League
Basketball
Baseball
Hockey
Golf
Tennis
Cricket
Rugby
Auto Racing
Olympics
World Cup
Random Quiz
Search Sporcle
×
Quiz Lab
Quiz Lab
Sports
Japanese
Type in answers that appear in a list
Type in answers that appear in a list
Classic
Best Score? Go Orange.
Sumo Ranking May2010 Stats
Can you name the sumo wrestlers in the May 2010 rankings?
By
yurmom666
10m
42 Questions
86 Plays
86 Plays
86 Plays
Comments
Comments
Give Quiz Kudos
Give Quiz Kudos
-
- Ratings
hide this ad
More Info
Replay
Link that replays current quiz
Next Quiz
Link to next quiz in quiz playlist
You Got
0%
They Got
Avg Score
46%
Avg Friend Score
Upgrade to see
Score Distribution
Jump to the score distribution portion of the page
Score
0/42
Timer
10:00
0
Plays Today
Rank
Sekitori (wrestler)
% Correct
Yokuzuna
Hakuho
98.8%
Ozeki West
Baruto
91.9%
Ozeki West
Kotooshu
87.2%
Ozeki East
Harumafuji
86%
Maegashira #2 West
Tochinoshin
80.2%
Maegashira #3 East
Kakuryu
80.2%
Sekiwake East
Kisenosato
79.1%
Komusubi East
Kotoshogiku
75.6%
Ozeki West
Kaio
72.1%
Maegashira #9 West
Goeido
69.8%
Sekiwake West
Aminishiki
68.6%
Maegashira #12 East
Takekaze
57%
Ozeki East
Kotomitsuki
55.8%
Maegashira #7 West
Kyokutenho
55.8%
Komusubi West
Tochiozan
54.7%
Maegashira #7 East
Tamawashi
54.7%
Maegashira #13 East
Yoshikaze
53.5%
Maegashira #10 East
Aran
52.3%
Maegashira #6 West
Kokkai
46.5%
Maegashira #1 East
Toyonoshima
45.3%
Maegashira #10 West
Okinoumi
45.3%
Rank
Sekitori (wrestler)
% Correct
Maegashira #4 West
Asasekiryu
44.2%
Maegashira #3 West
Wakanosato
43%
Maegashira #13 West
Takamisakari
43%
Maegashira #1 West
Miyabiyama
41.9%
Maegashira #6 East
Tokitenku
37.2%
Maegashira #2 East
Homasho
30.2%
Maegashira #5 West
Hakuba
27.9%
Maegashira #8 West
Toyohibiki
26.7%
Maegashira #14 East
Tochinonada
25.6%
Maegashira #16 West
Tamanoshima
24.4%
Maegashira #15 West
Shimotori
23.3%
Maegashira #4 East
Kitataiki
20.9%
Maegashira #5 East
Iwakiyama
19.8%
Maegashira #8 East
Kakizoe
18.6%
Maegashira #11 West
Tokusegawa
18.6%
Maegashira #14 West
Hokutoriki
18.6%
Maegashira #15 East
Wakakoyu
17.4%
Maegashira #12 West
Kimurayama
16.3%
Maegashira #9 East
Tosayutaka
15.1%
Maegashira #11 East
Mokonami
15.1%
Maegashira #16 East
Koryu
10.5%
Quiz Playlist
Details
Report
Send in Message
Add To Playlist
More Info:
Name all
Classic:
Type in answers that appear in a list
Last Updated: Feb 16, 2017
Quiz Scoreboard
CHALLENGE
Sign Up to Join the Scoreboard
Show All
Scores
Hide
Comments
May contain spoilers
Recently Published
College Basketball Coaching Resumes
by pancakes188
Sports
9m
Billboard Blitz: Fleetwood Mac
by CooCooCachoo
Music
15s
Presidents Visiting Landmarks
by Hejman
History
7m
More to Explore
Quiz From the Vault
Featured Blog Post
Where Did the Easter Bunny Come From?
hide this ad
You Might Also Like...
Tags
City Quiz
Country Quiz
Japanese Quiz
2010
Banking
May
Wrestlers
Today's Top Quizzes in Sports
Browse Sports
hide this ad
Today's Top Quizzes in Japanese
Browse Japanese
Top Contributed Quizzes in Sports
1
Les meilleurs buteurs des matchs entre le PSG et l’OM
2
2022 World Cup Stars
3
FIFA Club World Cup Champions
4
Les entraîneurs de l'OM et du PSG au 21e siècle
5
Criteria MLB: Left Handed Sluggers
6
AFC Teams Reveal (Wrong Answers Minefield)
7
5-to-1: UK Sports Teams
8
Name the Premier League winners with different clubs
9
5-to-1: FBS Animal Nicknames
10
Players with Multiple 50 Home Run Seasons
Explore More
Trending Topics
NBA
Crossword
Marvel
Kpop
Disney
Harry Potter
Anime
Pokémon
Puzzle
The Office
Song
Country
NFL
Soccer
WWE
hide this ad
More By:
yurmom666
Quiz
Plays
Rating
Category
Featured
Created
Sumo Ranking May2010
86
3.67
Sports
May 10, 2010
Go to Creator's Profile
Score Distribution
Quiz Creator Spotlight
yurmom666
Follow
Send a Message
Quizzes Created
-
Created Quiz Play Count
-
More By This Creator
Popular Quizzes Today
1
Find the US States - No Outlines Minefield
2
Find the Countries of Europe - No Outlines Minefield
3
The Countries of the World
4
Find the US States
5
Risky Map Clicking: Biggest States A-Z
6
US States
7
Popular People in 1961
8
Movies - When Are They Set?
More Sports Quizzes
Ronald Reagan Big 4 MVPs
Published
Trending Quizzes
Risky Map Clicking: Least Populous States A-Z
1-10 Letter G Words
1-10 Letter F Words
Risky Map Clicking: Next State Alphabetically
Click the Washington State Counties! (Map)
Recently Updated
Leaping Animals
pecheneg
Reality TV Shows (A-Z)
bhenderson79
Rickey Henderson's Hall of Fame Teammates
pecheneg
Champions League XIs: Arsenal
pecheneg
Quick Pick: Celebrities in WWE's Hall of Fame
aduchscher
A-Z Keypad Blitz II
pecheneg
Multiple Oscar Actors
pecheneg
Mystery Phrase Blitz: Oscar 'Best Actors'
pecheneg
F. Scott Fitzgerald Novels
LTH
Pick 3 Villains
ddd62291
Trending Topics
NBA
Crossword
Harry Potter
Marvel
Anime
Disney
Kpop
Pokémon
Song
WWE
Soccer
NFL
The Office
Puzzle
Country
Your Account Isn't Verified!
In order to create a playlist on Sporcle, you need to verify the email address you used during registration. Go to your
Sporcle Settings
to finish the process.
Report this User
Report this user for behavior that violates our
Community Guidelines
.
Details:
Send Report
Go to the Sporcle.com Mobile Site →
Comments